| 000 | 01128cam a22003018i 4500 | ||
|---|---|---|---|
| 001 | 0008111240 | ||
| 003 | OSt | ||
| 005 | 20260331195837.0 | ||
| 008 | 260114s2026 quc 00 f fre | ||
| 020 | _a9782760413603 | ||
| 040 |
_aQMBN _bfre _erda _cQMBN |
||
| 050 | 4 | _aPS8626* | |
| 082 | 0 | 4 |
_aM597mmt _223/20260114 |
| 100 | 1 |
_aMeunier, Hugo _eauteur |
|
| 245 | 1 | 4 |
_aLes méchants meurent toujours à la fin / _cHugo Meunier |
| 263 | _a202603 | ||
| 264 | 1 |
_aMontrǎl : _bStank,̌ _c2026 |
|
| 300 | _apages cm | ||
| 336 |
_atexte _btxt _2rdacontent |
||
| 337 |
_asans mďiation _bn _2rdamedia |
||
| 338 |
_avolume _bnc _2rdacarrier |
||
| 506 | _a---- Ce titre n'est pas encore disponible sur le march -̌--- | ||
| 942 |
_2ddc _cROM ADULTE |
||
| 999 |
_c18816 _d18816 |
||